000 01578cam a22002415a 4500
001 159850
008 180314s2017 xxk f 000 0 eng d
035 _a(Sirsi) u159850
041 _aeng
050 _a693.5
110 _aHistoric England
_96175
245 _aNanolime
_bA practical guide to its use for consolidating weathered limestone
_h[electronic resource]
260 _aLondon
_Historic England
_c2017
520 _aAlthough the past ten years have seen an increase in the use of nanolime as a stone consolidant, not much was known about its properties and performance, and there had been no long-term evaluation of its effect on deteriorated limestone in an external UK environment. Furthermore, there was no consistent guidance regarding application of nanolime. For these reasons, Historic England commissioned a programme of research at the University of Bath and site trials at various English cathedrals. The information provided in this advice note is based on both the results of the research and the experience of conservators who have used nanolime. It also reflects issues discussed at a symposium held at the University of Bath in September 2015.
650 _aCONCRETE
650 _aLIMESTONE
650 _aMAGNESIAN LIMESTONES
651 4 _aENGLAND AND WALES
690 _aBUILT ENVIRONMENT-BUILDING MATERIALS
856 4 0 _uhttps://content.historicengland.org.uk/images-books/publications/nanolime-use-for-consolidating-weathered-limestone/heag151-nanolime.pdf/
_zView the item at historicengland.org.uk
942 _n0
948 _c24/02/1998
999 _c116136
_d116136